[Event "Women's Speed Chess Q2"]
[Site "chess.com INT"]
[Date "2020.06.19"]
[Round "2"]
[White "Zhao, Xue"]
[Black "Mamedjarova, Turkan"]
[Result "0-1"]
[WhiteTitle "GM"]
[BlackTitle "WGM"]
[WhiteElo "2486"]
[BlackElo "2309"]
[WhiteFideId "8601283"]
[BlackFideId "13402005"]
[EventDate "2020.06.19"]

1. Nf3 d5 2. e3 Nf6 3. c4 e6 4. Nc3 c6 5. b3 Bd6 6. Bb2 O-O 7. Be2 Nbd7 8. O-O
Qe7 9. cxd5 exd5 10. Qc2 Ne4 11. d3 Ng5 12. Nxg5 Qxg5 13. g3 Nf6 14. Rfe1 Ng4
15. Bf1 Qh6 16. h4 g5 17. f3 Bxg3 18. fxg4 Qxh4 19. Re2 Bxg4 20. Rg2 Bf3 21. Ne2
Bf2+ 22. Rxf2 Qh1# 0-1

[Event "Women's Speed Chess Q2"]
[Site "chess.com INT"]
[Date "2020.06.19"]
[Round "2"]
[White "Nguyen, Thi Mai Hung"]
[Black "Castillo Pena, Patricia Evarista"]
[Result "1-0"]
[WhiteTitle "WGM"]
[BlackTitle "WCM"]
[WhiteElo "2258"]
[BlackElo "1770"]
[WhiteFideId "12401676"]
[BlackFideId "6412106"]
[EventDate "2020.06.19"]

1. d4 d5 2. c4 c6 3. Nf3 Nf6 4. Nc3 e6 5. e3 Nbd7 6. Qc2 Bd6 7. Bd3 O-O 8. O-O
Re8 9. e4 dxe4 10. Nxe4 Nxe4 11. Bxe4 Nf6 12. Bg5 h6 13. Bh4 Be7 14. Bd3 c5 15.
dxc5 Bxc5 16. Rad1 Qe7 17. Rfe1 Rd8 18. Ne5 Bd6 19. Ng4 g5 20. Nxh6+ Kg7 21.
Bxg5 Rh8 22. Ng4 1-0

[Event "Women's Speed Chess Q2"]
[Site "chess.com INT"]
[Date "2020.06.19"]
[Round "2"]
[White "Swati, Mohota"]
[Black "Bommini, Mounika Akshaya"]
[Result "1-0"]
[WhiteTitle "WFM"]
[BlackTitle "WFM"]
[WhiteElo "2027"]
[BlackElo "2029"]
[WhiteFideId "5006511"]
[BlackFideId "25019872"]
[EventDate "2020.06.19"]

1. d4 Nf6 2. c4 c5 3. d5 e6 4. Nc3 exd5 5. cxd5 d6 6. e4 g6 7. Bd3 Bg7 8. h3 O-O
9. Nf3 a6 10. O-O Nbd7 11. a4 Ne8 12. Bf4 Ne5 13. Nxe5 dxe5 14. Be3 b6 15. a5
Bd7 16. axb6 Qxb6 17. Qc2 f5 18. Na4 Bxa4 19. Rxa4 fxe4 20. Bxe4 Rc8 21. b4 1-0

[Event "Women's Speed Chess Q2"]
[Site "chess.com INT"]
[Date "2020.06.19"]
[Round "2"]
[White "Mohota, Nisha"]
[Black "Borisova, Ekaterina"]
[Result "1-0"]
[WhiteTitle "IM"]
[BlackTitle "FM"]
[WhiteElo "2195"]
[BlackElo "2283"]
[WhiteFideId "5004330"]
[BlackFideId "34124184"]
[EventDate "2020.06.19"]

1. e4 d6 2. d4 Nf6 3. Nc3 e5 4. Nf3 Nbd7 5. Bc4 Be7 6. a4 O-O 7. O-O c6 8. h3 a5
9. Re1 Nb6 10. Bf1 exd4 11. Nxd4 d5 12. e5 Ne4 13. Nxe4 dxe4 14. Be3 Nd5 15. c3
f5 16. exf6 Bxf6 17. Qc2 Re8 18. Rad1 Qe7 19. Bc1 Bxd4 20. Rxd4 Bf5 21. Be3 Rad8
22. Bc4 Kh8 23. Bxd5 Rxd5 24. Rxd5 cxd5 25. Rd1 Qf7 26. Qb3 Be6 27. Bd4 Qh5 28.
Re1 Qf7 29. Qb5 Qc7 30. Qxe8+ 1-0

[Event "Women's Speed Chess Q2"]
[Site "chess.com INT"]
[Date "2020.06.19"]
[Round "2"]
[White "Maklakova, Nellija"]
[Black "Keetman, Maaike"]
[Result "0-1"]
[BlackTitle "WFM"]
[WhiteElo "1833"]
[BlackElo "2169"]
[WhiteFideId "11603470"]
[BlackFideId "1033697"]
[EventDate "2020.06.19"]

1. c4 e6 2. d4 Nf6 3. Nf3 d5 4. e3 Bb4+ 5. Bd2 a5 6. a3 Bxd2+ 7. Nbxd2 b6 8. Bd3
O-O 9. O-O Bb7 10. Ne5 Nbd7 11. f4 Ne4 12. Ndf3 f6 13. Nxd7 Qxd7 14. Bxe4 dxe4
15. Nd2 Rad8 16. Qb3 c5 17. Qxb6 cxd4 18. Rad1 dxe3 19. Nxe4 Qxd1 20. Qxe6+ Kh8
21. Rxd1 Rxd1# 0-1

[Event "Women's Speed Chess Q2"]
[Site "chess.com INT"]
[Date "2020.06.19"]
[Round "2"]
[White "Chumpitaz, Ann"]
[Black "Rovira Contreras, Tairu Manuela"]
[Result "1-0"]
[WhiteTitle "WIM"]
[BlackTitle "WIM"]
[WhiteElo "2244"]
[BlackElo "2058"]
[WhiteFideId "3804178"]
[BlackFideId "3900533"]
[EventDate "2020.06.19"]

1. e4 e5 2. Nf3 Nc6 3. Bb5 a6 4. Bxc6 dxc6 5. O-O Bd6 6. d3 h6 7. Be3 Nf6 8.
Nbd2 Bg4 9. h3 Bh5 10. c3 c5 11. Qb3 b5 12. a4 Rb8 13. axb5 axb5 14. Rfe1 O-O
15. Nh2 Be7 16. Qc2 Nd7 17. Ndf1 Bg5 18. Ng3 Bg6 19. Nf3 Bxe3 20. Rxe3 Qf6 21.
Ree1 Rfe8 22. Ra7 Qb6 23. Rea1 Rb7 24. R7a6 Ra7 25. Rxa7 1-0

[Event "Women's Speed Chess Q2"]
[Site "chess.com INT"]
[Date "2020.06.19"]
[Round "2"]
[White "Nurmanova, Alua"]
[Black "Jannatul, Ferdous"]
[Result "1-0"]
[WhiteTitle "WFM"]
[BlackTitle "WCM"]
[WhiteElo "2026"]
[BlackElo "1844"]
[WhiteFideId "13729390"]
[BlackFideId "10212590"]
[EventDate "2020.06.19"]

1. e4 c5 2. Nf3 Nc6 3. d4 cxd4 4. Nxd4 Nf6 5. Nc3 e5 6. Ndb5 d6 7. Bg5 a6 8. Na3
b5 9. Bxf6 gxf6 10. Nd5 f5 11. Bd3 Be6 12. O-O Bg7 13. Qh5 f4 14. c4 b4 15. Nc2
a5 16. b3 O-O 17. g3 fxg3 18. fxg3 Bxd5 19. exd5 f5 20. Bxf5 Rxf5 21. Qxf5 Qb6+
22. Kg2 Rf8 23. Qe6+ Kh8 24. Rxf8+ Bxf8 25. dxc6 Qxc6+ 26. Qd5 Qe8 27. Rf1 Kg7
28. Ne3 1-0

[Event "Women's Speed Chess Q2"]
[Site "chess.com INT"]
[Date "2020.06.19"]
[Round "2"]
[White "Gomez Barrera, Javiera Belen"]
[Black "Ni, Shiqun"]
[Result "0-1"]
[WhiteTitle "WIM"]
[BlackTitle "WGM"]
[WhiteElo "2083"]
[BlackElo "2389"]
[WhiteFideId "3418723"]
[BlackFideId "8608466"]
[EventDate "2020.06.19"]

1. e4 e6 2. d4 d5 3. Nc3 Bb4 4. e5 c5 5. a3 Bxc3+ 6. bxc3 Ne7 7. Qg4 O-O 8. Bd3
f5 9. exf6 Rxf6 10. Bg5 Rf7 11. Nf3 Nbc6 12. Ne5 Nxe5 13. dxe5 Qc7 14. f4 c4 15.
Be2 Nf5 16. Qh3 Qc5 17. Kd2 d4 18. Rae1 dxc3+ 19. Qxc3 h6 20. g4 Nd4 0-1

[Event "Women's Speed Chess Q2"]
[Site "chess.com INT"]
[Date "2020.06.19"]
[Round "2"]
[White "Dzagnidze, Nana"]
[Black "Eswaran, Ashritha"]
[Result "1-0"]
[WhiteTitle "GM"]
[BlackTitle "WIM"]
[WhiteElo "2524"]
[BlackElo "2244"]
[WhiteFideId "13601903"]
[BlackFideId "2080788"]
[EventDate "2020.06.19"]

1. d4 Nf6 2. Nf3 e6 3. Bg5 c5 4. e3 d5 5. c3 Nc6 6. Nbd2 Be7 7. Bd3 h6 8. Bh4 b6
9. O-O Bb7 10. Qe2 O-O 11. Ne5 Nxe5 12. dxe5 Ne4 13. Bxe7 Qxe7 14. f3 Nxd2 15.
Qxd2 f5 16. exf6 Qxf6 17. Bc2 Ba6 18. Rf2 Rae8 19. Re1 e5 20. Qxd5+ Qe6 21.
Qxe6+ Rxe6 22. Rd2 Re7 23. Red1 Bb5 24. Be4 Kf7 25. h4 Rc8 26. Rd6 Rcc7 27. Bg6+
Kf8 28. Rd8+ Be8 29. h5 Rc6 30. Rb8 Rce6 31. e4 1-0

[Event "Women's Speed Chess Q2"]
[Site "chess.com INT"]
[Date "2020.06.19"]
[Round "2"]
[White "Pham, Le Thao Nguyen"]
[Black "Chirivi C, Angie Lizeth"]
[Result "1-0"]
[WhiteTitle "IM"]
[BlackTitle "WFM"]
[WhiteElo "2366"]
[BlackElo "1999"]
[WhiteFideId "12401226"]
[BlackFideId "4402421"]
[EventDate "2020.06.19"]

1. d4 Nf6 2. Nf3 g6 3. g3 Bg7 4. Bg2 O-O 5. O-O d5 6. c3 c5 7. dxc5 Nc6 8. Nbd2
e5 9. Nb3 Be6 10. h3 Qd7 11. Kh2 Nh5 12. Ng5 Rad8 13. Nxe6 Qxe6 14. Be3 f5 15.
Bg5 Rd7 16. Qd2 Nf6 17. Bxf6 Bxf6 18. Rad1 Ne7 19. e4 fxe4 20. Bxe4 d4 21. cxd4
exd4 22. Rde1 1-0

[Event "Women's Speed Chess Q2"]
[Site "chess.com INT"]
[Date "2020.06.19"]
[Round "2"]
[White "Kucharska, Honorata"]
[Black "Tereladze, Sopiko"]
[Result "0-1"]
[WhiteTitle "WFM"]
[BlackTitle "WIM"]
[WhiteElo "2113"]
[BlackElo "2141"]
[WhiteFideId "1163868"]
[BlackFideId "13600486"]
[EventDate "2020.06.19"]

1. d4 Nf6 2. Nf3 e6 3. e3 b6 4. Bd3 Bb7 5. O-O Be7 6. c4 d5 7. Nc3 O-O 8. b3
dxc4 9. bxc4 c5 10. Ne5 cxd4 11. exd4 Nc6 12. Nxc6 Bxc6 13. Bb2 Qd7 14. Ne2 Be4
15. Ng3 Bxd3 16. Qxd3 Rac8 17. Rac1 Rfd8 18. Rfd1 h6 19. Nf1 e5 0-1

[Event "Women's Speed Chess Q2"]
[Site "chess.com INT"]
[Date "2020.06.19"]
[Round "2"]
[White "Soumya, Swaminathan"]
[Black "Enkhtuul, Altan-Ulzii"]
[Result "0-1"]
[WhiteTitle "IM"]
[BlackTitle "WGM"]
[WhiteElo "2351"]
[BlackElo "2228"]
[WhiteFideId "5016193"]
[BlackFideId "4901444"]
[EventDate "2020.06.19"]

1. Nf3 Nf6 2. c4 g6 3. b3 Bg7 4. Bb2 O-O 5. d3 d5 6. Nbd2 c6 7. g3 Bg4 8. Bg2
Nbd7 9. O-O Re8 10. h3 Bxf3 11. Bxf3 e5 12. cxd5 Nxd5 13. Bg2 N7b6 14. Rc1 Rc8
15. Ne4 f5 16. Nc5 Qe7 17. Qd2 h5 18. e4 fxe4 19. dxe4 Nf6 20. Rfd1 Kh7 21. Qd6
Qf7 22. Bxe5 Rcd8 23. Qxd8 Rxd8 24. Rxd8 Nxe4 25. Bxg7 Qxf2+ 26. Kh2 Qxg3+ 27.
Kh1 Nf2+ 28. Kg1 Nxh3+ 29. Kh1 Nf4 30. Rg1 Qh4+ 0-1

[Event "Women's Speed Chess Q2"]
[Site "chess.com INT"]
[Date "2020.06.19"]
[Round "2"]
[White "Chitlange, Sakshi"]
[Black "Goryachkina, Aleksandra"]
[Result "1/2-1/2"]
[WhiteTitle "WIM"]
[BlackTitle "GM"]
[WhiteElo "2167"]
[BlackElo "2582"]
[WhiteFideId "35002899"]
[BlackFideId "4147103"]
[EventDate "2020.06.19"]

1. d4 d5 2. Bf4 Bf5 3. e3 e6 4. Nf3 Nf6 5. Bd3 Bg6 6. O-O Bd6 7. Bg3 Bxg3 8.
hxg3 Nbd7 9. c4 c6 10. Nc3 Qe7 11. Re1 dxc4 12. Bxc4 O-O 13. e4 Rfd8 14. Qe2 Nb6
15. Bb3 a5 16. a3 Bh5 17. Rad1 Rd7 18. Qe3 Ng4 19. Qf4 Rad8 20. Rd2 h6 21. Rdd1
Nf6 22. Qe3 Ng4 23. Qf4 Nf6 24. Qe3 Ng4 25. Qf4 1/2-1/2

[Event "Women's Speed Chess Q2"]
[Site "chess.com INT"]
[Date "2020.06.19"]
[Round "2"]
[White "Kiolbasa, Oliwia"]
[Black "Munkhzul, Davaakhuu"]
[Result "1-0"]
[WhiteTitle "WIM"]
[BlackTitle "WFM"]
[WhiteElo "2160"]
[BlackElo "1991"]
[WhiteFideId "1154613"]
[BlackFideId "4902815"]
[EventDate "2020.06.19"]

1. e4 e5 2. Nf3 Nc6 3. Bb5 a6 4. Ba4 Nf6 5. O-O Be7 6. Re1 b5 7. Bb3 d6 8. c3
O-O 9. h3 Nb8 10. d4 Nbd7 11. c4 bxc4 12. Bxc4 c5 13. dxe5 dxe5 14. Nc3 Bb7 15.
Nd5 Nxd5 16. Bxd5 Bxd5 17. Qxd5 Qc7 18. Be3 Rab8 19. b3 Rfd8 20. Rac1 Nf6 21.
Qxe5 Qxe5 22. Nxe5 Nxe4 23. Nc6 Re8 24. Nxb8 Rxb8 25. Bf4 Rb4 26. Rc4 Rxc4 27.
bxc4 f5 28. f3 Bd6 29. fxe4 Bxf4 30. exf5 Kf7 31. g4 Bd2 32. Rb1 a5 33. Kf2 Kf6
34. Rb7 a4 35. Kf3 a3 36. Ke4 Bc3 37. Kd5 Bd4 38. Ra7 Kg5 39. Rxa3 Kh4 40. Rd3
h5 41. gxh5 Kxh5 42. a4 1-0

[Event "Women's Speed Chess Q2"]
[Site "chess.com INT"]
[Date "2020.06.19"]
[Round "2"]
[White "Ambartsumova, Karina"]
[Black "Zhuravleva, Olga"]
[Result "1-0"]
[WhiteTitle "IM"]
[BlackTitle "WIM"]
[WhiteElo "2371"]
[BlackElo "2278"]
[WhiteFideId "4166299"]
[BlackFideId "4145933"]
[EventDate "2020.06.19"]

1. Nf3 g6 2. d4 Bg7 3. g3 d6 4. Bg2 Nc6 5. O-O e5 6. dxe5 Nxe5 7. Nxe5 Bxe5 8.
c4 Bg7 9. Nc3 Nf6 10. Bg5 h6 11. Be3 O-O 12. Qd2 Kh7 13. h3 a6 14. Rad1 Be6 15.
b3 Rb8 16. Kh2 Re8 17. Qc1 Qc8 18. Rfe1 Nd7 19. Bd4 Ne5 20. Nd5 c6 21. Nc3 Qc7
22. f4 Nd7 23. e4 Bxd4 24. Rxd4 Nf6 25. Qd2 Rbd8 26. Rd1 Qa5 27. Nd5 Qxd2 28.
Nxf6+ Kh8 29. R4xd2 Re7 30. Rxd6 Rxd6 31. Rxd6 Kg7 32. e5 h5 33. h4 Rc7 34. Rd8
Bg4 35. Ne8+ 1-0

[Event "Women's Speed Chess Q2"]
[Site "chess.com INT"]
[Date "2020.06.19"]
[Round "2"]
[White "Tarasova, Viktoriya"]
[Black "Bivol, Alina"]
[Result "0-1"]
[WhiteTitle "WIM"]
[BlackTitle "WGM"]
[WhiteElo "2226"]
[BlackElo "2386"]
[WhiteFideId "4175840"]
[BlackFideId "4100123"]
[EventDate "2020.06.19"]

1. d4 Nf6 2. c4 g6 3. Nc3 Bg7 4. e4 O-O 5. h3 d6 6. Be3 a6 7. Nf3 c6 8. a4 a5 9.
Be2 Na6 10. O-O Nb4 11. e5 Nd7 12. Bf4 dxe5 13. dxe5 Nc5 14. Qxd8 Rxd8 15. Bg5
Kf8 16. Rad1 Bf5 17. g4 Bc2 18. Ra1 Ncd3 19. e6 Nxb2 20. Ra3 Bd3 21. Re1 Bxe2
22. Rxe2 Rd3 23. exf7 Rxf3 24. Bxe7+ Kxf7 25. Rb3 Bxc3 26. Kg2 Rd3 27. Bg5 Re8
28. Rxe8 Kxe8 0-1

[Event "Women's Speed Chess Q2"]
[Site "chess.com INT"]
[Date "2020.06.19"]
[Round "2"]
[White "Linares Napoles, Oleiny"]
[Black "Fominykh, Maria"]
[Result "1-0"]
[WhiteTitle "WGM"]
[BlackTitle "WGM"]
[WhiteElo "2215"]
[BlackElo "2206"]
[WhiteFideId "3504794"]
[BlackFideId "4142411"]
[EventDate "2020.06.19"]

1. c4 Nf6 2. Nc3 g6 3. g3 Bg7 4. Bg2 O-O 5. e4 d6 6. Nge2 Nc6 7. O-O a6 8. d3
Bd7 9. h3 Rb8 10. Be3 b5 11. b3 b4 12. Na4 Nh5 13. Rc1 e5 14. d4 exd4 15. Nxd4
Nxd4 16. Bxd4 Bxa4 17. bxa4 c5 18. Bxg7 Nxg7 19. f4 f6 20. Qd5+ Kh8 21. Rcd1 Qa5
22. Qxd6 Qxa4 23. Qxc5 Qxa2 24. Rf2 Qa4 25. Rfd2 b3 26. Rb1 Rfc8 27. Qe7 Qxc4
28. Qxf6 Qc5+ 29. Kh2 Qc3 30. Rd8+ Rxd8 31. Qxc3 1-0

[Event "Women's Speed Chess Q2"]
[Site "chess.com INT"]
[Date "2020.06.19"]
[Round "2"]
[White "Sihite, Chelsie Monica Ignesias"]
[Black "Kanyamarala, Trisha"]
[Result "1-0"]
[WhiteTitle "WIM"]
[BlackTitle "WIM"]
[WhiteElo "2252"]
[BlackElo "2193"]
[WhiteFideId "7101198"]
[BlackFideId "45004722"]
[EventDate "2020.06.19"]

1. c4 e5 2. Nc3 Bb4 3. g3 Bxc3 4. bxc3 d6 5. Bg2 Ne7 6. Nf3 O-O 7. O-O Nbc6 8.
d4 e4 9. Nd2 f5 10. f4 d5 11. e3 Na5 12. Qe2 b6 13. c5 bxc5 14. Qb5 c6 15. Qxc5
Ba6 16. Re1 Nb7 17. Qa3 Bd3 18. Bf1 Bxf1 19. Rxf1 Nc8 20. c4 Ncd6 21. Rb1 Qc7
22. Bb2 dxc4 23. Rfc1 Na5 24. Bc3 Nab7 25. Bb4 Nb5 26. Qa4 Rfd8 27. Rxc4 Qf7 28.
Rxc6 Qd5 29. Rbc1 Nxd4 30. exd4 Qxd4+ 31. Kg2 e3 32. Nf3 Qd5 33. Qb3 e2 34.
Qxd5+ Rxd5 35. Re6 Kf7 36. Rxe2 a6 37. Rc7+ Kg6 38. Rxb7 Kh5 39. Rxg7 Re8 40.
Rg5+ Kh6 41. Rxe8 1-0

[Event "Women's Speed Chess Q2"]
[Site "chess.com INT"]
[Date "2020.06.19"]
[Round "2"]
[White "Filippova, Margarita"]
[Black "Sowa, Wiktoria"]
[Result "1-0"]
[WhiteTitle "WFM"]
[BlackTitle "WFM"]
[WhiteElo "1931"]
[BlackElo "2093"]
[WhiteFideId "34199680"]
[BlackFideId "21836701"]
[EventDate "2020.06.19"]

1. Nf3 Nf6 2. d4 g6 3. c4 Bg7 4. Nc3 d5 5. Bg5 Ne4 6. Bf4 Nxc3 7. bxc3 O-O 8. e3
dxc4 9. Bxc4 c5 10. O-O Nc6 11. Qe2 Bd7 12. Rfd1 cxd4 13. cxd4 Rc8 14. Ne5 Nxe5
15. dxe5 Qe8 16. h4 h5 17. Rac1 Bc6 18. e6 f6 19. Rd7 Kh8 20. Rcd1 g5 21. hxg5
fxg5 22. Bxg5 Qg6 23. f4 Bh6 24. Bd3 Qxe6 25. Rxe7 Qd6 26. Rh7+ Kg8 27. Rxh6 1-0

[Event "Women's Speed Chess Q2"]
[Site "chess.com INT"]
[Date "2020.06.19"]
[Round "2"]
[White "Miroshnik, Ekaterina"]
[Black "Gokbulut, Julia"]
[Result "1-0"]
[WhiteTitle "WFM"]
[BlackTitle "WFM"]
[WhiteElo "2139"]
[BlackElo "1970"]
[WhiteFideId "34127698"]
[BlackFideId "4153979"]
[EventDate "2020.06.19"]

1. d3 Nf6 2. Nf3 d6 3. Nbd2 e5 4. e4 Nc6 5. Be2 Bg4 6. O-O Be7 7. c3 Qd7 8. Re1
h6 9. b4 a6 10. a4 O-O 11. Nf1 b5 12. Be3 d5 13. exd5 Nxd5 14. Bd2 Bf6 15. Ng3
bxa4 16. Ne4 Be7 17. Qxa4 f5 18. Nc5 Bxc5 19. bxc5 Rfe8 20. h3 Bxf3 21. Bxf3 e4
22. dxe4 fxe4 23. Rxe4 Nde7 24. Rxe7 Qxd2 25. Qxc6 Red8 26. Qe6+ Kh8 27. Bxa8
Qxc3 28. Re1 Rxa8 29. Re8+ Rxe8 30. Qxe8+ Kh7 31. Qe4+ Kh8 32. Rd1 Qf6 33. c6 1-0

[Event "Women's Speed Chess Q2"]
[Site "chess.com INT"]
[Date "2020.06.19"]
[Round "2"]
[White "Tsukerman, Julia"]
[Black "Kirchei, Viktoriia"]
[Result "0-1"]
[WhiteTitle "WCM"]
[BlackTitle "WFM"]
[WhiteElo "1523"]
[BlackElo "2207"]
[WhiteFideId "2621649"]
[BlackFideId "34133396"]
[EventDate "2020.06.19"]

1. e4 c5 2. Nf3 Nc6 3. d4 cxd4 4. Nxd4 g6 5. c4 Bg7 6. Be3 Nf6 7. Nc3 d6 8. Be2
O-O 9. O-O Bd7 10. f3 a5 11. a4 Nxd4 12. Bxd4 Bc6 13. b3 Nd7 14. Bxg7 Kxg7 15.
Qd4+ f6 16. Rfd1 Qb6 17. Qxb6 Nxb6 18. Nb5 Bxb5 19. cxb5 Nd7 20. Bc4 Nc5 21. Kf2
Rfd8 22. Ke3 Rac8 23. Rac1 f5 24. Kd4 Kf6 25. Bd5 e6 26. Bc4 d5 27. exd5 exd5
28. Ke3 Re8+ 29. Kf2 dxc4 30. Rxc4 Nxb3 31. Rd6+ Ke7 32. Rcd4 Nxd4 0-1

[Event "Women's Speed Chess Q2"]
[Site "chess.com INT"]
[Date "2020.06.19"]
[Round "2"]
[White "Mammadova, Gulnar"]
[Black "Mrudul, Dehankar"]
[Result "1-0"]
[WhiteTitle "IM"]
[BlackTitle "WIM"]
[WhiteElo "2382"]
[BlackElo "2256"]
[WhiteFideId "13403508"]
[BlackFideId "25096990"]
[EventDate "2020.06.19"]

1. e4 c5 2. Nf3 d6 3. Bb5+ Bd7 4. c4 g6 5. Nc3 Bg7 6. d4 cxd4 7. Nxd4 Nf6 8. O-O
O-O 9. h3 Bxb5 10. cxb5 Nbd7 11. a4 Nc5 12. Re1 Nfd7 13. a5 Ne6 14. Be3 Ndc5 15.
Nxe6 Nxe6 16. Qd5 Qd7 17. Rad1 Rfc8 18. e5 Nc7 19. Qxb7 Bxe5 20. Bxa7 Bxc3 21.
bxc3 Qxb5 22. Bb6 Ne6 23. Qxe7 Rxc3 24. Rxe6 fxe6 25. Qxe6+ 1-0

[Event "Women's Speed Chess Q2"]
[Site "chess.com INT"]
[Date "2020.06.19"]
[Round "2"]
[White "Ziegenfuss, Antonia"]
[Black "Matveeva, Olga"]
[Result "1-0"]
[WhiteTitle "WFM"]
[BlackTitle "WIM"]
[WhiteElo "2101"]
[BlackElo "2171"]
[WhiteFideId "12962554"]
[BlackFideId "24107018"]
[EventDate "2020.06.19"]

1. d4 Nf6 2. c4 e6 3. Nc3 Bb4 4. f3 c5 5. d5 d6 6. e4 b5 7. Bd2 bxc4 8. Bxc4 O-O
9. Nge2 exd5 10. Nxd5 Bxd2+ 11. Qxd2 Nc6 12. O-O Ne5 13. Nxf6+ Qxf6 14. Bd5 Rb8
15. Rad1 Ba6 16. Rfe1 Rfd8 17. b3 h5 18. Ng3 Qg6 19. f4 Ng4 20. f5 Qh7 21. Qg5
Nf6 22. e5 dxe5 23. Ne4 Nxd5 24. Rxd5 Kh8 25. Rxd8+ 1-0

[Event "Women's Speed Chess Q2"]
[Site "chess.com INT"]
[Date "2020.06.19"]
[Round "2"]
[White "Tokhirjonova, Gulrukhbegim"]
[Black "Bartel, Marta"]
[Result "1/2-1/2"]
[WhiteTitle "WGM"]
[BlackTitle "WGM"]
[WhiteElo "2378"]
[BlackElo "2192"]
[WhiteFideId "14203626"]
[BlackFideId "1123009"]
[EventDate "2020.06.19"]

1. e4 c5 2. Nf3 Nc6 3. Bb5 d6 4. Bxc6+ bxc6 5. d3 Nf6 6. h3 g6 7. Nc3 Bg7 8. Be3
O-O 9. Qd2 a5 10. a4 Rb8 11. Rb1 Be6 12. O-O Qc7 13. b3 Qb6 14. Ne2 Qb4 15. Qc1
Rfd8 16. Nh2 Nd7 17. f4 f5 18. Ng3 Nf6 19. Bd2 Qb6 20. exf5 Bxf5 21. Nxf5 gxf5
22. Qe1 Re8 23. Bxa5 Qa7 24. Bd2 Qd7 25. Nf3 Nd5 26. Ng5 e6 27. Kh1 h6 28. Nf3
Qf7 29. Qh4 Nb4 30. Bxb4 cxb4 31. Rbe1 c5 32. Re2 Qg6 33. Nd2 Bf6 34. Qf2 Kh7
35. Nc4 Rbd8 36. a5 Bd4 37. Qf3 d5 38. Ne5 Bxe5 39. Rxe5 Ra8 40. Ra1 Ra6 41. Qe2
Rea8 42. Kh2 Kg7 43. Qe3 Rc8 44. Re1 Kf7 45. Qe2 Rcc6 46. Ra1 Qg8 47. Qh5+ Qg6
48. Qe2 Rc8 49. Qf2 Rcc6 50. Qe2 1/2-1/2

[Event "Women's Speed Chess Q2"]
[Site "chess.com INT"]
[Date "2020.06.19"]
[Round "2"]
[White "Solozhenkina, Elizaveta"]
[Black "Hng, Mei-En Emmanuelle"]
[Result "0-1"]
[WhiteTitle "WIM"]
[BlackTitle "WFM"]
[WhiteElo "2301"]
[BlackElo "2029"]
[WhiteFideId "34106615"]
[BlackFideId "5804566"]
[EventDate "2020.06.19"]

1. e4 g6 2. d4 Bg7 3. Nf3 d6 4. Be2 Nf6 5. Nc3 O-O 6. O-O Nc6 7. d5 Nb8 8. h3 c5
9. Bf4 Nbd7 10. Re1 a6 11. a4 Qb6 12. Rb1 Qb4 13. Qd3 Rb8 14. Nd2 Ne8 15. Nc4 b5
16. axb5 axb5 17. Na3 c4 18. Qg3 Ba6 19. Bf1 Qc5 20. Be3 Qc7 21. b4 Bxc3 0-1

[Event "Women's Speed Chess Q2"]
[Site "chess.com INT"]
[Date "2020.06.19"]
[Round "2"]
[White "Mammadzada, Gunay"]
[Black "Lesbekova, Asel"]
[Result "1-0"]
[WhiteTitle "IM"]
[BlackTitle "WCM"]
[WhiteElo "2443"]
[BlackElo "1920"]
[WhiteFideId "13403729"]
[BlackFideId "13713248"]
[EventDate "2020.06.19"]

1. e4 c5 2. Nf3 Nc6 3. d4 cxd4 4. Nxd4 e5 5. Nb5 d6 6. c4 Be7 7. N1c3 a6 8. Na3
Be6 9. Nc2 Rc8 10. Be2 Nf6 11. Be3 Na5 12. b3 b5 13. Nd5 Bxd5 14. exd5 bxc4 15.
b4 Nb7 16. O-O O-O 17. Na3 c3 18. Bxa6 Ra8 19. Bxb7 Rxa3 20. Qc1 Ra4 21. Qxc3
Qb8 22. Qb3 Qxb7 23. Qxa4 Nxd5 24. Bd2 Nb6 25. Qb3 d5 26. Rab1 Ra8 27. b5 Nc4
28. Bb4 Bxb4 29. Qxb4 Rxa2 30. Qc5 h6 31. b6 Ra6 32. Qc7 Qxc7 33. bxc7 Nd6 34.
Rb8+ Kh7 35. c8=Q Nxc8 36. Rxc8 d4 37. Rd8 Kg6 38. f4 f6 39. fxe5 fxe5 40. Re1
Kf6 41. Rf8+ Ke7 42. Rf5 1-0

[Event "Women's Speed Chess Q2"]
[Site "chess.com INT"]
[Date "2020.06.19"]
[Round "2"]
[White "Varshini, V"]
[Black "Antolak, Julia"]
[Result "0-1"]
[WhiteTitle "WGM"]
[BlackTitle "WIM"]
[WhiteElo "2226"]
[BlackElo "2323"]
[WhiteFideId "5091241"]
[BlackFideId "1159569"]
[EventDate "2020.06.19"]

1. e4 c5 2. Nc3 e6 3. Nge2 d6 4. d4 cxd4 5. Nxd4 Nf6 6. Be2 Be7 7. O-O Nc6 8.
Be3 O-O 9. f4 a6 10. Bf3 Qc7 11. Kh1 Bd7 12. Qe1 Nxd4 13. Bxd4 Bc6 14. Qg3 b5
15. a3 g6 16. e5 Nd7 17. exd6 Bxd6 18. Bxc6 Qxc6 19. Rad1 Rad8 20. Qh4 Rfe8 21.
Qh6 Bf8 22. Qh4 Nb6 23. Rd3 Nc4 24. Rff3 Nxb2 0-1